تخطي إلى المحتوى
Inicio
Centros participantes
Catálogo
Servicios
Contacto
تسجيل الدخول
English
Deutsch
Español
Français
Italiano
日本語
Nederlands
Português
Português (Brasil)
中文(简体)
中文(繁體)
Türkçe
עברית
Gaeilge
Cymraeg
Ελληνικά
Català
Euskara
Русский
Čeština
Suomi
Svenska
polski
Dansk
slovenščina
اللغة العربية
বাংলা
Galego
Tiếng Việt
Hrvatski
हिंदी
Հայերէն
Українська
Sámegiella
اللغة
كل الحقول
العنوان
المؤلف
الموضوع
رقم الاستدعاء
ردمك/تدمد
الوسم
ابحث
بحث متقدم
Costa Rica: pronóstico económi...
استشهد بهذا
أرسل هذا بالبريد الإلكتروني
طباعة
تصدير التسجيلة
تصدير إلى RefWorks
تصدير إلى EndNoteWeb
تصدير إلى EndNote
أضف إلى المفضلة
رابط دائم
اكتمل التصدير —
إضافة أول تقييم
Costa Rica: pronóstico económico CEFSA 1984 (revisión) y perfil económico para 1985
محفوظ في:
التفاصيل البيبلوغرافية
مؤلف مشترك:
CEFSA
التنسيق:
نص
منشور في:
San José:
CEFSA
الوسوم:
إضافة وسم
لا توجد وسوم, كن أول من يضع وسما على هذه التسجيلة!
المقتنيات
الوصف
التعليقات
مواد مشابهة
عرض للأخصائي
MARC
LEADER
00000 a a2200000 04500
001
24612
003
040
090
|a
177000
110
|a
CEFSA
245
|a
Costa Rica: pronóstico económico CEFSA 1984 (revisión) y perfil económico para 1985
260
|a
San José:
|b
CEFSA
300
|a
26 p.
999
|c
11764
|d
11764
مواد مشابهة
Indicadores económicos
Nicaragua: situación económica en 1984 y perspectivas inmediatas
Guatemala: situación económica en 1984 y perspectivas inmediatas
Boletín de precios internacionales de productos básicos
De la libertad de opinión al derecho a la comunicación /
حسب: López Trigo, Manuel